| 000 | 01085cam a2200337 a 4500 | ||
|---|---|---|---|
| 001 | 969847 | ||
| 003 | OSt | ||
| 005 | 20150106161650.0 | ||
| 008 | 850522s1986 nyua b 001 0 eng c | ||
| 010 | _a 85012885 | ||
| 020 | _a0827325118 (pbk.) | ||
| 020 | _z0827325126 (instructor's guide) | ||
| 040 |
_aDNLM/DLC _cDLC _dDLC |
||
| 050 | 1 | 0 |
_aRB37 _b.W25 1986 |
| 060 | _aQY 25 W235b | ||
| 082 | 0 | 0 |
_aQY 25 W176 1986 _219 |
| 100 | 1 |
_aWalters, Norma J. _91508 |
|
| 245 | 1 | 0 |
_aBasic medical laboratory techniques / _cNorma J. Walters, Barbara H. Estridge, Anna P. Reynolds. |
| 260 |
_aAlbany, NY : _bDelmar Publishers, _cc1986. |
||
| 300 |
_axx, 412 p. : _bill. ; _c23 cm. |
||
| 500 | _aIncludes index. | ||
| 504 | _aBibliography: p. 369-370. | ||
| 650 | 0 |
_aDiagnosis, Laboratory. _9904 |
|
| 650 | 0 |
_aMedical laboratory technology. _9903 |
|
| 650 | 2 |
_aDiagnosis, Laboratory. _9904 |
|
| 650 | 2 |
_aTechnology, Medical. _9905 |
|
| 700 | 1 |
_aEstridge, Barbara H. _91505 |
|
| 700 | 1 |
_aReynolds, Anna P. _91507 |
|
| 906 |
_a7 _bcbc _corignew _d1 _eocip _f19 _gy-gencatlg |
||
| 942 |
_2z _cSLOAN |
||
| 999 |
_c845 _d845 |
||